Équipe de France de football - 10+ sélections (1950 - 2026) - Statistiques

Statistiques générales
  • Ce quiz a été pris 591 fois
    22 depuis la dernière actualisation
  • Le résultat moyen est 117 sur 267
Statistiques - réponses
Poste
Première
sélection
Dernière
sélection
Joueur
Nombre de
sélections
% Correct
MIL 2014 2024 Antoine Griezmann 137
100%
GB 2008 2022 Hugo Lloris 145
100%
DEF 1989 2000 Laurent Blanc 97
100%
DEF 1994 2008 Lilian Thuram 142
100%
ATT 2020 2026 Marcus Thuram 33
100%
ATT 2011 2024 Olivier Giroud 137
100%
MIL 1997 2009 Patrick Vieira 107
100%
MIL 1994 2006 Zinédine Zidane 108
100%
ATT 1998 2008 David Trezeguet 71
94%
MIL 1989 2000 Didier Deschamps 103
94%
GB 1994 2006 Fabien Barthez 87
94%
ATT 2007 2022 Karim Benzema 97
94%
ATT 2017 2026 Kylian Mbappé 96
94%
DEF 1993 2004 Marcel Desailly 116
94%
MIL 2016 2026 N'Golo Kanté 67
94%
MIL 2013 2022 Paul Pogba 91
94%
DEF 2013 2022 Raphaël Varane 93
94%
ATT 1997 2010 Thierry Henry 123
94%
DEF 1992 2004 Bixente Lizarazu 97
88%
MIL 2010 2019 Blaise Matuidi 84
88%
MIL 1995 2008 Claude Makélélé 71
88%
DEF 2011 2018 Laurent Koscielny 51
88%
DEF 2018 2026 Lucas Hernandez 41
88%
DEF 2021 2025 Théo Hernandez 42
88%
DEF 2002 2010 William Gallas 84
88%
MIL 1993 2002 Youri Djorkaeff 82
88%
MIL 2016 2026 Adrien Rabiot 57
82%
DEF 2017 2024 Benjamin Pavard 55
82%
MIL 2006 2014 Franck Ribéry 81
82%
DEF 1995 2002 Frank Lebœuf 50
82%
MIL 1976 1987 Michel Platini 72
82%
ATT 2016 2026 Ousmane Dembélé 58
82%
DEF 2004 2016 Patrice Évra 81
82%
GB 2008 2020 Steve Mandanda 35
82%
ATT 1999 2006 Sylvain Wiltord 92
82%
DEF 2007 2016 Bacary Sagna 65
76%
GB 1993 2000 Bernard Lama 44
76%
MIL 1990 2003 Emmanuel Petit 63
76%
MIL 2004 2010 Florent Malouda 80
76%
MIL 1977 1980 Jean Petit 12
76%
ATT 1998 2010 Nicolas Anelka 69
76%
MIL 1993 1995 Paul Le Guen 17
76%
MIL 1996 2004 Robert Pirès 79
76%
DEF 1988 1996 Alain Roche 25
71%
DEF 2017 2019 Benjamin Mendy 10
71%
MIL 1992 2002 Christian Karembeu 53
71%
ATT 1994 2002 Christophe Dugarry 55
71%
ATT 1975 1986 Dominique Rocheteau 49
71%
DEF 2004 2013 Éric Abidal 67
71%
DEF 2018 2024 Ferland Mendy 10
71%
DEF 2022 2026 Ibrahima Konaté 27
71%
ATT 1986 1995 Jean-Pierre Papin 54
71%
GB 1983 1989 Joël Bats 50
71%
ATT 2015 2025 Kingsley Coman 61
71%
DEF 2014 2026 Lucas Digne 56
71%
GB 2020 2026 Mike Maignan 38
71%
ATT 1997 1999 Stéphane Guivarc'h 14
71%
DEF 2000 2008 Willy Sagnol 58
71%
MIL 2004 2012 Alou Diarra 44
65%
ATT 2009 2016 André-Pierre Gignac 36
65%
ATT 1990 1995 David Ginola 17
65%
DEF 2020 2026 Dayot Upamecano 36
65%
MIL 2017 2025 Florian Thauvin 13
65%
ATT 2007 2015 Hatem Ben Arfa 15
65%
MIL 1980 1988 Jean Tigana 52
65%
ATT 2010 2013 Jérémy Ménez 24
65%
DEF 2021 2025 Jules Koundé 46
65%
ATT 1953 1960 Just Fontaine 21
65%
MIL 2007 2016 Lassana Diarra 34
65%
DEF 1982 1992 Manuel Amoros 82
65%
DEF 1976 1986 Maxime Bossis 76
65%
MIL 2009 2021 Moussa Sissoko 71
65%
DEF 1977 1989 Patrick Battiston 56
65%
ATT 1952 1962 Raymond Kopa 45
65%
DEF 2016 2019 Samuel Umtiti 31
65%
MIL 2016 2021 Thomas Lemar 27
65%
MIL 2008 2013 Yoann Gourcuff 31
65%
MIL 2007 2012 Abou Diaby 16
59%
DEF 2010 2018 Adil Rami 36
59%
MIL 1997 2002 Alain Boghossian 26
59%
MIL 1974 1986 Alain Giresse 47
59%
ATT 2013 2017 Alexandre Lacazette 16
59%
MIL 1993 1996 Corentin Martins 14
59%
ATT 1976 1984 Didier Six 52
59%
ATT 1987 1995 Éric Cantona 45
59%
DEF 1989 1996 Éric Di Meco 23
59%
ATT 1944 1952 Jean Baratte 32
59%
MIL 2006 2010 Jérémy Toulalan 36
59%
MIL 1982 1992 Luis Fernandez 60
59%
MIL 2011 2012 Marvin Martin 15
59%
MIL 2021 2024 Moussa Diaby 11
59%
MIL 2021 2026 Aurélien Tchouaméni 44
53%
DEF 1986 1993 Basile Boli 45
53%
ATT 1973 1984 Bernard Lacombe 38
53%
ATT 2024 2025 Bradley Barcola 18
53%
ATT 2010 2018 Dimitri Payet 38
53%
GB 1972 1982 Dominique Baratelli 21
53%
MIL 2020 2026 Eduardo Camavinga 29
53%
MIL 1988 1993 Franck Sauzée 39
53%
MIL 1967 1980 Henri Michel 58
53%
MIL 2003 2007 Jérôme Rothen 13
53%
MIL 1999 2004 Johan Micoud 17
53%
MIL 2000 2005 Ludovic Giuly 17
53%
MIL 2024 2025 Manu Koné 12
53%
DEF 1971 1983 Marius Trésor 65
53%
MIL 2010 2015 Mathieu Valbuena 52
53%
MIL 2015 2020 Nabil Fekir 25
53%
ATT 1993 1997 Patrice Loko 26
53%
DEF 2002 2012 Philippe Mexès 29
53%
DEF 2018 2022 Presnel Kimpembe 28
53%
DEF 1960 1968 Robert Herbin 23
53%
MIL 2007 2013 Samir Nasri 41
53%
ATT 2002 2010 Sidney Govou 49
53%
MIL 1993 1996 Vincent Guérin 19
53%
DEF 2022 2025 William Saliba 29
53%
ATT 2018 2022 Wissam Ben Yedder 19
53%
MIL 2010 2016 Yohan Cabaye 48
53%
MIL 1980 1986 Bernard Genghini 27
47%
GB 1987 1996 Bruno Martini 31
47%
ATT 2002 2011 Djibril Cissé 41
47%
DEF 2016 2018 Djibril Sidibé 18
47%
GB 1978 1981 Dominique Dropsy 17
47%
DEF 2004 2006 Gaël Givet 12
47%
GB 1963 1973 Georges Carnus 36
47%
ATT 1966 1975 Hervé Revelli 30
47%
DEF 1964 1972 Jean Djorkaeff 48
47%
MIL 1982 1990 Jean-Marc Ferreri 37
47%
GB 1973 1978 Jean-Paul Bertrand-Demanes 11
47%
DEF 1990 1996 Jocelyn Angloma 37
47%
ATT 2009 2014 Loïc Rémy 30
47%
DEF 2011 2015 Mathieu Debuchy 27
47%
ATT 2024 2026 Michael Olise 15
47%
DEF 2001 2006 Mikaël Silvestre 40
47%
ATT 2022 2026 Randal Kolo Muani 32
47%
ATT 2000 2004 Steve Marlet 23
47%
DEF 1996 2002 Vincent Candela 40
47%
ATT 1980 1988 Yannick Stopyra 33
47%
MIL 2022 2024 Youssouf Fofana 25
47%
ATT 2015 2021 Anthony Martial 30
41%
DEF 2003 2012 Anthony Réveillère 20
41%
DEF 1988 1992 Bernard Casoni 30
41%
ATT 1981 1988 Bruno Bellone 34
41%
MIL 2017 2021 Corentin Tolisso 28
41%
GB 2001 2008 Grégory Coupet 34
41%
DEF 2003 2009 Jean-Alain Boumsong 27
41%
MIL 2021 2025 Mattéo Guendouzi 14
41%
MIL 2001 2004 Olivier Dacourt 21
41%
ATT 1976 1981 Olivier Rouyer 17
41%
DEF 1976 1978 Patrice Rio 17
41%
MIL 1993 1996 Reynald Pedros 25
41%
MIL 2004 2014 Rio Mavuba 13
41%
ATT 1952 1961 Roger Piantoni 37
41%
MIL 1996 2001 Sabri Lamouchi 12
41%
DEF 2004 2010 Sébastien Squillaci 21
41%
MIL 2017 2020 Steven Nzonzi 20
41%
DEF 1983 1988 William Ayache 20
41%
DEF 1983 1989 Yvon Le Roux 28
41%
ATT 2008 2013 Bafétimbi Gomis 12
35%
MIL 2002 2005 Benoît Pedretti 22
35%
MIL 1988 1991 Bernard Pardo 13
35%
DEF 1975 1982 Christian Lopez 39
35%
ATT 1988 1992 Christian Perez 22
35%
MIL 2022 2025 Christopher Nkunku 18
35%
MIL 1982 1989 Daniel Bravo 13
35%
DEF 1973 1982 François Bracci 18
35%
DEF 1975 1982 Gérard Janvion 40
35%
ATT 1974 1983 Gérard Soler 16
35%
DEF 1972 1976 Jean-Pierre Adams 22
35%
ATT 1953 1961 Jean Vincent 46
35%
DEF 2010 2018 Mamadou Sakho 29
35%
GB 2001 2007 Mickaël Landreau 11
35%
ATT 1990 1994 Pascal Vahirua 22
35%
MIL 1983 1989 Philippe Vercruysse 12
35%
DEF 1948 1960 Robert Jonquet 58
35%
DEF 1947 1959 Roger Marche 63
35%
GB 1999 2003 Ulrich Ramé 12
35%
MIL 2023 2026 Warren Zaïre-Emery 10
35%
ATT 1980 1983 Alain Couriol 12
29%
DEF 1964 1972 Bernard Bosquier 42
29%
DEF 2012 2017 Christophe Jallet 16
29%
DEF 2019 2025 Clément Lenglet 16
29%
DEF 2008 2013 Gaël Clichy 20
29%
ATT 1977 1981 Jacques Zimako 13
29%
MIL 1978 1982 Jean-François Larios 17
29%
MIL 1969 1976 Jean-Michel Larqué 14
29%
MIL 1988 1992 Jean-Philippe Durand 26
29%
ATT 1983 1989 José Touré 16
29%
DEF 2014 2019 Layvin Kurzawa 13
29%
DEF 2019 2021 Léo Dubois 13
29%
DEF 1978 1985 Léonard Specht 18
29%
ATT 1977 1983 Loïc Amisse 12
29%
MIL 2014 2015 Morgan Schneiderlin 15
29%
MIL 1977 1986 Thierry Tusseau 22
29%
MIL 1975 1982 Dominique Bathenay 20
24%
ATT 2010 2017 Kévin Gameiro 13
24%
DEF 1965 1967 Robert Budzynski 11
24%
MIL 1999 2006 Vikash Dhorasoo 18
24%
MIL 1952 1959 Armand Penverne 39
18%
MIL 2001 2002 Éric Carrière 10
18%
DEF 2006 2008 François Clerc 13
18%
MIL 1987 1988 Gérald Passi 11
18%
DEF 2022 2024 Jonathan Clauss 14
18%
DEF 2015 2021 Kurt Zouma 11
18%
ATT 2004 2012 Louis Saha 20
18%
DEF 1957 1963 André Lerond 31
12%
GB 1977 1979 André Rey 10
12%
ATT 1962 1971 Fleury Di Nallo 10
12%
GB 1953 1959 François Remetter 26
12%
ATT 1967 1975 Georges Bereta 44
12%
DEF 1969 1972 Jacques Novi 20
12%
ATT 1973 1979 Marc Berdoll 16
12%
ATT 1955 1963 Maryan Wisniewski 33
12%
MIL 1969 1974 Serge Chiesa 12
12%
MIL 2010 2012 Yann M'Vila 22
12%
DEF 1960 1966 André Chorda 24
6%
DEF 1960 1963 Bruno Rodzik 21
6%
ATT 1967 1974 Charly Loubet 36
6%
GB 1957 1961 Dominique Colonna 13
6%
DEF 1989 1992 Franck Sylvestre 11
6%
ATT 1963 1973 Georges Lech 35
6%
ATT 1965 1966 Gérard Hausser 14
6%
MIL 1965 1969 Jacques Simon 15
6%
MIL 1953 1961 Jean-Jacques Marcel 44
6%
MIL 1970 1975 Jean-Noël Huck 17
6%
GB 1939 1951 Julien Darui 25
6%
DEF 2006 2010 Julien Escudé 13
6%
ATT 1970 1973 Louis Floch 16
6%
DEF 1963 1966 Marcel Artelesa 21
6%
ATT 1965 1970 Philippe Gondet 14
6%
GB 1960 1965 Pierre Bernard 21
6%
ATT 1948 1953 Pierre Flamion 17
6%
GB 1949 1954 René Vignal 17
6%
DEF 1954 1956 Xercès Louis 12
6%
MIL 1965 1971 Yves Herbet 16
6%
ATT 1957 1965 Yvon Douis 20
6%
DEF 1946 1951 André Grillon 15
0%
MIL 1949 1954 André Strappe 23
0%
MIL 1951 1953 Antoine Bonifaci 12
0%
MIL 1946 1954 Antoine Cuissard 27
0%
ATT 1966 1972 Bernard Blanchet 17
0%
DEF 1967 1973 Claude Quittet 16
0%
ATT 1950 1953 Édouard Kargu 11
0%
MIL 1985 1988 Fabrice Poullain 10
0%
DEF 1948 1952 Guy Huguet 12
0%
DEF 1947 1950 Jean Grégoire 10
0%
ATT 1949 1952 Jean Grumellon 10
0%
MIL 1974 1978 Jean-Marc Guillou 19
0%
DEF 1969 1973 Jean-Paul Rostagni 25
0%
DEF 1959 1963 Jean Wendling 26
0%
ATT 1969 1973 José Broissart 10
0%
MIL 1962 1969 Joseph Bonnel 25
0%
ATT 1952 1960 Joseph Ujlaki 21
0%
MIL 1938 1954 Larbi Benbarek 17
0%
DEF 1952 1954 Lazare Gianessi 14
0%
ATT 1952 1958 Léon Deladerrière 11
0%
MIL 1953 1955 Léon Glovacki 11
0%
ATT 1959 1964 Lucien Muller 16
0%
GB 1964 1968 Marcel Aubour 20
0%
DEF 1945 1952 Marcel Salva 13
0%
ATT 1970 1975 Marc Molitor 10
0%
DEF 1961 1965 Maryan Synakowski 13
0%
MIL 1970 1973 Michel Mézy 17
0%
DEF 1954 1960 Raymond Kaelbel 35
0%
ATT 1947 1952 René Alpsteg 12
0%
MIL 1958 1964 René Ferrier 24
0%
ATT 1951 1958 Thadée Cisowski 13
0%
MIL 1960 1963 Yvon Goujon 11
0%
Aucun quiz correspondant
Distribution des résultats
% des personnes avec chaque résultat
Percentile par nombre de réponses
Votre historique - résultats
Vous n’avez pas pris ce quiz depuis la dernière actualisation